000 00741nam a22002177a 4500
008 161007b xxu||||| |||| 00| 0 eng d
020 _a020112680
050 _aRG 951 .L33 1986
100 _aLadewig,Patricia A.
245 _aEssentials of maternal-newborn nursing/
_cPatricia A.Ladewig ,Marcia L. London and Sally B.Olds
260 _aMenlo Park, California :
_bAddison-Wesley,
_cc1986
300 _axx, 692p. :
_bill. ;
_c27cm
500 _aIncludes index.
650 _aObstetrical nursing
650 _aInfants
_xDiseases
_yDiagnosis
650 _aInfants
_xFamily Relationships
650 _aPediatric nursing
700 _aLondon,Marcia L.
700 _aOlds,Sally B.
942 _2lcc
_cBOOKS
_hRG 951 .L33 1986
999 _c14674
_d14674